000
00279nam a2200121Ia 4500
008
191201s2004 xx 000 0 und d
100
_a
BECK, Leland L
245
0
_a
System Software
260
_a
N. Delhi
_b
Pearson
_c
2004
300
_a
519
650
_a
B.Tech(CSE)
942
_2
ddc
_c
BK
999
_c
372
_d
372